El adelantado D. Alonso de Lugo y su residencia por Lope de Sosa / (Record no. 176900)

MARC details
000 -LEADER
campo de control de longitud fija 00987nam a22002415i 4500
001 - NÚMERO DE CONTROL
campo de control 176900
003 - IDENTIFICADOR DE NÚMERO DE CONTROL
campo de control ES-MaACL
005 - FECHA Y HORA DE LA ÚLTIMA TRANSACCIÓN
campo de control 20250807061408.0
008 - DATOS DE LONGITUD FIJA--INFORMACIÓN GENERAL
campo de control de longitud fija 110217s1949 sp |||| | spa d
080 ## - NÚMERO DE LA CLASIFICACIÓN DECIMAL UNIVERSAL
Número de la Clasificación Decimal Universal 929 Fernández de Lugo, Alonso
100 1# - ENTRADA PRINCIPAL--NOMBRE DE PERSONA
Nombre de persona Rosa Olivera, Leopoldo de la.
9 (RLIN) 99618
245 13 - MENCIÓN DEL TÍTULO
Título El adelantado D. Alonso de Lugo y su residencia por Lope de Sosa /
Mención de responsabilidad, etc. Leopoldo de la Rosa Olivera y Elías Serra Ràfols.
260 ## - PUBLICACIÓN, DISTRIBUCIÓN, ETC.
Lugar de publicación, distribución, etc. La Laguna de Tenerife :
Nombre del editor, distribuidor, etc. [Instituto de Estudios Canarios],
Fecha de publicación, distribución, etc. 1949.
300 ## - DESCRIPCIÓN FÍSICA
Extensión XLVIII, 188, [8] p. ;
Dimensiones 28 cm.
490 1# - MENCIÓN DE SERIE
Mención de serie Fontes rerum Canarium : colección de textos y documentos para la historia de Canarias ;
Designación de volumen o secuencia 3
500 ## - NOTA GENERAL
Nota general Índice.
600 14 - PUNTO DE ACCESO ADICIONAL DE MATERIA--NOMBRE DE PERSONA
Nombre de persona Fernández de Lugo, Alonso-
Subdivisión de forma Biografías.
9 (RLIN) 145252
700 0# - ENTRADA AGREGADA--NOMBRE PERSONAL
Nombre de persona Serra Ràfols, Elías.
9 (RLIN) 105653
710 2# - ENTRADA AGREGADA--NOMBRE DE ENTIDAD CORPORATIVA
Nombre de entidad corporativa o nombre de jurisdicción como elemento de entrada Instituto de Estudios Canarios.
9 (RLIN) 4891
830 00 - PUNTO DE ACCESO ADICIONAL DE SERIE-TÍTULO UNIFORME
Título uniforme Fontes rerum Canariarum
Designación de volumen o secuencia 3
9 (RLIN) 190299
852 ## - LOCALIZACIÓN
Ubicación ES-MaACL
Número de control de estantería E-14340
Encuadernación Olim P-648
Holdings
Estatus retirado Estado de pérdida Estado de daño No para préstamo Biblioteca de origen Biblioteca actual Ubicación en estantería Fecha de adquisición Fuente de adquisición Total de préstamos Signatura topográfica completa Código de barras Visto por última vez Precio de reemplazo Tipo de ítem Koha
        Biblioteca del Ateneo de Madrid Biblioteca del Ateneo de Madrid Depósito 2 17/02/2011     E-14340 1185798 23/02/2023 23/02/2023 Libro impreso